000 00530nam a22001817a 4500
003 NUST
005 20250214154230.0
008 171004b xxu||||| |||| 00| 0 eng d
040 _cNUST
082 _a200
100 _aShahzad,Arbab Muhammad
_95241
245 _aDecomposition of energy consumption growth in Pakistan economy/
_cArbab Muhammad Shahzad
260 _aIslamabad
_c2015
300 _a52p
600 _xMS- Economics
_9127866
856 _uhttp://10.250.8.41:8080/xmlui/handle/123456789/3459
942 _2ddc
_cTHE
999 _c331576
_d331576